000 00631nam a2200181 a 4500
001 000002972
005 20200929150310.0
008 090706s2008 dr c 001 0 spa d
020 _a9789945161717
040 _aDO-SdBNP
082 _bP796m
245 0 0 _aPonencias de los miembros de la Comisión de Reforma Constitucional el 6 de noviembre de 2006.
260 _aSanto Domingo :
_bComisión Permanente de Efemérides Patrias,
_c2008.
300 _a70 p. :
_bretrs. ;
_c22 cm.
500 _aIncluye índice
500 _aPublicaciones de la Comisión Permanente de Efemérides Patrias 2004-2008, volumen No. 32
049 _aBNPD
999 _c2804
_d2804